书目信息 |
| 题名: |
尚
|
|
| 作者: | 乌克斯 著 ;华子恩 译 | |
| 分册: | ||
| 出版信息: | 海口 海南出版社 2024.09 |
|
| 页数: | 22, X, 673页, [16] 页图版 | |
| 开本: | 25cm | |
| 丛书名: | ||
| 单 册: | ||
| 中图分类: | TS971.23 | |
| 科图分类: | ||
| 主题词: | 咖啡--ka fei--文化史--世界--普及读物 | |
| 电子资源: | ||
| ISBN: | 978-7-5730-1554-9 | |
| 000 | 01320nam0 2200301 450 | |
| 001 | 94753 | |
| 005 | 20250820204440.60 | |
| 010 | @a978-7-5730-1554-9@b精装@dCNY188.00 | |
| 100 | @a20240920d2024 em y0chiy50 ea | |
| 101 | 1 | @achi@ceng |
| 102 | @aCN@b460000 | |
| 105 | @aaf z 000yy | |
| 106 | @ar | |
| 200 | 1 | @a尚@Ashang@e咖啡的世界史@d= All about coffee@f(美) 威廉·乌克斯著@g华子恩译@zeng |
| 210 | @a海口@c海南出版社@d2024.09 | |
| 215 | @a22, X, 673页, [16] 页图版@c图@d25cm | |
| 300 | @a共学·共识 | |
| 306 | @a由中国台湾台北柿子文化事业有限公司授权出版 | |
| 314 | @a威廉·乌克斯, 咖啡历史学家, 20世纪初美国《茶叶与咖啡贸易》杂志的创始人兼主编。华子恩, 台湾清华大学生命科学系博士, 台湾清华大学生物资讯与结构生物研究所博士后研究员。 | |
| 330 | @a本书介绍了关于咖啡的一切, 800年的咖啡世界史, 介绍了咖啡的历史、技法、贸易、时尚和文学中的咖啡等, 从各角度分享了一些咖啡的秘闻、冷知识、小百科, 让所有对咖啡感兴趣的人都能深入浅出地去了解咖啡是如何席卷世界并影响着你我。 | |
| 500 | 10 | @aAll about coffee@mChinese |
| 517 | 1 | @a咖啡的世界史@Aka fei de shi jie shi |
| 606 | 0 | @a咖啡@Aka fei@x文化史@y世界@j普及读物 |
| 690 | @aTS971.23@v5 | |
| 701 | 1 | @a乌克斯@Awu ke si@g(Ukers, William)@4著 |
| 702 | 0 | @a华子恩@Ahua zi en@4译 |
| 801 | 0 | @aCN@c20250909 |
| 905 | @a河南城建学院图书馆@dTS971.23@eW712@f1 | |
| 尚:咖啡的世界史= All about coffee/(美) 威廉·乌克斯著/华子恩译.-海口:海南出版社,2024.09 |
| 22, X, 673页, [16] 页图版:图;25cm |
| 共学·共识 |
| ISBN 978-7-5730-1554-9(精装):CNY188.00 |
| 本书介绍了关于咖啡的一切, 800年的咖啡世界史, 介绍了咖啡的历史、技法、贸易、时尚和文学中的咖啡等, 从各角度分享了一些咖啡的秘闻、冷知识、小百科, 让所有对咖啡感兴趣的人都能深入浅出地去了解咖啡是如何席卷世界并影响着你我。 |
| ● |
| 相关链接 |
|
|
|
正题名:尚
索取号:TS971.23/W712
 
预约/预借
| 序号 | 登录号 | 条形码 | 馆藏地/架位号 | 状态 | 备注 |
| 1 | 1628963 | 216289638 | 自科库501/501自科库 44排7列1层/ [索取号:TS971.23/W712] | 在馆 |